Сетевая форма организации образовательного процесса с применением электронного обучения; Международный журнал экспериментального образования; № 7
| Parent link: | Международный журнал экспериментального образования.— , 2007- № 7.— 2015.— [С. 33-36] |
|---|---|
| Hlavní autor: | |
| Korporativní autor: | |
| Další autoři: | , |
| Shrnutí: | Заглавие с экрана Проведен теоретический анализ возможности использования электронного обучения при реализации сетевой формы организации образовательного процесса. Определены цели сетевого взаимодействия при электронном обучении для стейкхолдеров. Рассмотрены виды и формы сетевого взаимодействия. Выделены ограничения, которые выступают сдерживающими факторами при реализации сетевого обучения. Представлены условия для эффективного сетевого взаимодействия. Режим доступа: по договору с организацией-держателем ресурса |
| Jazyk: | ruština |
| Vydáno: |
2015
|
| Témata: | |
| On-line přístup: | http://elibrary.ru/item.asp?id=23488929 http://www.rae.ru/meo/462-r7722/ |
| Médium: | Elektronický zdroj Kapitola |
| KOHA link: | https://koha.lib.tpu.ru/cgi-bin/koha/opac-detail.pl?biblionumber=641954 |
MARC
| LEADER | 00000naa0a2200000 4500 | ||
|---|---|---|---|
| 001 | 641954 | ||
| 005 | 20260213140846.0 | ||
| 035 | |a (RuTPU)RU\TPU\network\6885 | ||
| 090 | |a 641954 | ||
| 100 | |a 20150609d2015 k||y0rusy50 ca | ||
| 101 | 0 | |a rus | |
| 102 | |a RU | ||
| 135 | |a drcn ---uucaa | ||
| 181 | 0 | |a i | |
| 182 | 0 | |a b | |
| 200 | 1 | |a Сетевая форма организации образовательного процесса с применением электронного обучения |d Network form of educational process organization using e-learning |f В. С. Дмитриев, В. С. Иванова, К. В. Мертинс | |
| 203 | |a Текст |c электронный | ||
| 300 | |a Заглавие с экрана | ||
| 320 | |a [Библиогр.: с. 36 (5 назв.)] | ||
| 330 | |a Проведен теоретический анализ возможности использования электронного обучения при реализации сетевой формы организации образовательного процесса. Определены цели сетевого взаимодействия при электронном обучении для стейкхолдеров. Рассмотрены виды и формы сетевого взаимодействия. Выделены ограничения, которые выступают сдерживающими факторами при реализации сетевого обучения. Представлены условия для эффективного сетевого взаимодействия. | ||
| 333 | |a Режим доступа: по договору с организацией-держателем ресурса | ||
| 461 | |t Международный журнал экспериментального образования |d 2007- | ||
| 463 | |t № 7 |v [С. 33-36] |d 2015 | ||
| 510 | 1 | |a Network form of educational process organization using e-learning |z eng | |
| 610 | 1 | |a электронный ресурс | |
| 610 | 1 | |a труды учёных ТПУ | |
| 610 | 1 | |a электронное обучение | |
| 610 | 1 | |a сетевые формы | |
| 610 | 1 | |a образовательный процесс | |
| 610 | 1 | |a сетевое взаимодействие | |
| 610 | 1 | |a виды | |
| 610 | 1 | |a формы | |
| 700 | 1 | |a Дмитриев |b В. С. |c специалист в области точного приборостроения |c доктор технических наук, профессор Томского политехнического университета, зав. кафедрой точного приборостроения (ТПС) ЭФФ |f 1940- |g Виктор Степанович |3 (RuTPU)RU\TPU\pers\25818 |9 11691 | |
| 701 | 1 | |a Иванова |b В. С. |c специалист в области приборостроения |c доцент Томского политехнического университета, ведущий эксперт, кандидат технических наук |f 1977- |g Вероника Сергеевна |3 (RuTPU)RU\TPU\pers\24509 |9 10828 | |
| 701 | 1 | |a Мертинс |b К. В. |c начальник учебно-методического отдела Томского политехнического университета |f 1982- |g Ксения Викторовна |3 (RuTPU)RU\TPU\pers\24510 |9 10829 | |
| 712 | 0 | 2 | |a Национальный исследовательский Томский политехнический университет |c (2009- ) |9 26305 |
| 801 | 2 | |a RU |b 63413507 |c 20150609 |g RCR | |
| 856 | 4 | |u http://elibrary.ru/item.asp?id=23488929 | |
| 856 | 4 | |u http://www.rae.ru/meo/462-r7722/ | |
| 942 | |c CF | ||